000 00518nam a2200193Ia 4500
003 OSt
005 20220926041102.0
006 a|||||r|||| 00| 0
007 ta
008 220923b |||||||| |||| 00| 0 eng d
037 _cGeneral Book
040 _aRTL
_cRTL
_beng
041 _2eng
_aeng
082 _aa14,1243,N3, K6/BB
100 _aGANDA SINGH Ed.
_980038
245 0 _aBibliography of the Punjab.
942 _ha14,1243,N3, K6/BB
_cGB
_2CC
999 _c666338
_d666338